South Eastern Kenya University

Library Online Public Access Catalogue


Introduction to marine biology / (Record no. 1877)

MARC details
000 -LEADER
fixed length control field 00750cam a22002054a 4500
020 ## - ISBN
International Standard Book Number 0495561975
020 ## - ISBN
International Standard Book Number 9780495561972
050 00 - LIBRARY OF CONGRESS CALL NUMBER
Classification Number QH91
Item Number .K37 2010
100 1# - MAIN ENTRY--Author
Personal name Karleskint, George.
245 10 - TITLE
Title Introduction to marine biology /
Statement of responsibility, etc George Karleskint, Jr., Richard Turner, James W. Small, Jr.
250 ## - EDITIONSTATEMENT
Edition statement 3rd ed.
260 ## - PUBLICATION, DISTRIBUTION, ETC.(IMPRINT)
Place of publication, distribution, etc Australia ;
-- Belmont, CA :
Name of publisher, distributor, etc Brooks/Cole Cengage Learning,
Date of publication, distribution, etc c2010.
300 ## - PHYSICAL DESCRIPTION
Extent ix, 581 p. :
700 1# - ADDED ENTRY--PERSONAL AUTHOR
Personal Name Turner, Richard L.
700 1# - ADDED ENTRY--PERSONAL AUTHOR
Personal Name Small, James W.
856 42 - URL/ELECTRONIC LOCATION AND ACCESS
Uniform Resource Identifier <a href="http://www.loc.gov/catdir/enhancements/fy1104/2008940542-b.html">http://www.loc.gov/catdir/enhancements/fy1104/2008940542-b.html</a>
856 42 - URL/ELECTRONIC LOCATION AND ACCESS
Uniform Resource Identifier <a href="http://www.loc.gov/catdir/enhancements/fy1104/2008940542-d.html">http://www.loc.gov/catdir/enhancements/fy1104/2008940542-d.html</a>
856 41 - URL/ELECTRONIC LOCATION AND ACCESS
Uniform Resource Identifier <a href="http://www.loc.gov/catdir/enhancements/fy1104/2008940542-t.html">http://www.loc.gov/catdir/enhancements/fy1104/2008940542-t.html</a>
942 ## - ADDED ENTRY ELEMENTS(KOHA)
Koha item type General circulation
Holdings
Source of classification or shelving scheme Not for loan Location (home branch) Sublocation (holding branch) Date accessioned Cost, normal purchase price Full call number Barcode Cost, replacement price Koha item type Public note
Library of Congress Classification   Main Campus Library Main Campus Library 26/08/2014 8265.00 QH91 .K37 2010 2019/022285 8765.00 General circulation leo
Library of Congress Classification   Main Campus Library Main Campus Library 13/10/2015   QH91 .K37 2010 2017/019753   General circulation  
Kitui, Kenya.
+254736116989
library@seku.ac.ke